000 00247nam a2200097Ia 4500
001 713181
005 20250826162841.0
008 250824s9999 xx 000 0 und d
245 0 _aHANOĞLU
_cAHMET YILMAZ BOYUNAĞA
260 _bGENÇ TİMAŞ YAYINLARI
999 _c713181
_d713181